Encanto - Characters by Picture - Statistics

General Stats
  • This quiz has been taken 74 times
  • The average score is 10 of 15
Answer Stats
Picture Answer % Correct
Bruno Madrigal
97%
Mirabel Madrigal
97%
Isabela Madrigal
86%
Abuela Alma Madrigal
83%
Luisa Madrigal
83%
Pepa Madrigal
80%
Camilo Madrigal
73%
Dolores Madrigal
73%
Antonio Madrigal
69%
Félix Madrigal
66%
Julieta Madrigal
64%
Mariano Guzman
59%
Agustín Madrigal
58%
Pico
20%
Señora Guzman
10%
No matching quizzes found
Score Distribution
Percent of People with Each Score
Percentile by Number Answered
Your Score History
You have not taken this quiz